000 00631nam a22002297a 4500
001 96001
003 UA-OsUOA
005 20220601132821.0
007 ta
008 20130313b un ||||| |||| 00| 0 ukr d
040 _aUA-OsUOA
_brus
_cUA-OsUOA
_dUA-OsUOA
041 _arus
080 _a821.359
090 _a821.359
_bК88
100 _aКугультинов Д.
245 _aЗов апреля
_bстихи и поэмы
260 _aМ.
_bСоветский писатель
_c1978
300 _a207 с.
650 7 _a82 Література. Літературознавство
_2UDC
942 _cBK
_2udc
955 _a3
999 _c382247
_d382247